Le scandale : une dramatisation hyperbolique dans nos démocraties (notice n° 1605245)
[ vue normale ]
| 000 -LEADER | |
|---|---|
| fixed length control field | 02136cam a2200181 4500500 |
| 005 - DATE AND TIME OF LATEST TRANSACTION | |
| control field | 20251228095006.0 |
| 041 ## - LANGUAGE CODE | |
| Language code of text/sound track or separate title | fre |
| 042 ## - AUTHENTICATION CODE | |
| Authentication code | dc |
| 100 10 - MAIN ENTRY--PERSONAL NAME | |
| Personal name | Samama, Guy |
| Relator term | author |
| 245 00 - TITLE STATEMENT | |
| Title | Le scandale : une dramatisation hyperbolique dans nos démocraties |
| 260 ## - PUBLICATION, DISTRIBUTION, ETC. | |
| Date of publication, distribution, etc. | 2014.<br/> |
| 500 ## - GENERAL NOTE | |
| General note | 10 |
| 520 ## - SUMMARY, ETC. | |
| Summary, etc. | Mauvais garçon, dépourvu de manières et sans pudeur, le scandale révèle publiquement ce qui devait demeurer secret. Cette révélation est symptomatique à la fois de la vulnérabilité de nos sociétés démocratiques, d’une instantanéité médiatique et d’une théâtralisation hyperbolique. Celle-ci caractérise une culture européenne privilégiant ce moment infime, et infini, où l’invisible souterrain se fait soudain visible. Il ouvre ainsi la voie à des formes exténuées d’imaginaire, à des effets de fracture, d’infraction et d’effraction. |
| 520 ## - SUMMARY, ETC. | |
| Summary, etc. | Scandal is a naughty boy, with neither manners nor decency, which publicly reveals what was supposed to stay concealed. This revelation shows the vulnerability of our democratic societies, but also a media immediacy and a hyperbolic dramatization. It caracterizes an european culture that favors this tiny moment, and infinite, where the invisible underground is suddenly visible. It opens ways for exhausted forms of imaginary, to effects of fracture, offense and burglary. |
| 520 ## - SUMMARY, ETC. | |
| Summary, etc. | Mau rapaz, despudorado e sem modos, o escândalo revela publicamente o que deveria permanecer secreto. Sintomática, esta revelação aponta simultaneamente para a vulnerabilidade das nossas sociedade democráticas, para a instantaneidade mediática e para uma tendência para uma teatralização hiperbólica que caracteriza a cultura europeia privilegiando esse momento ínfimo – e infinito – em que que a subterrânea invisibilidade se torna visível. Abre assim caminho a certas formas do imaginário caracterizadas por efeitos de ruptura, de infracção e de violação. |
| 786 0# - DATA SOURCE ENTRY | |
| Note | Sigila | 33 | 1 | 2014-03-03 | p. 35-46 | 1286-1715 |
| 856 41 - ELECTRONIC LOCATION AND ACCESS | |
| Uniform Resource Identifier | <a href="https://shs.cairn.info/revue-sigila-2014-1-page-35?lang=fr&redirect-ssocas=7080">https://shs.cairn.info/revue-sigila-2014-1-page-35?lang=fr&redirect-ssocas=7080</a> |
Pas d'exemplaire disponible.




Réseaux sociaux